LEADER 01311nam--2200409---450- 001 990003634200203316 005 20120308100631.0 010 $a978-88-339-2096-2 035 $a000363420 035 $aUSA01000363420 035 $a(ALEPH)000363420USA01 035 $a000363420 100 $a20120306d2010----km-y0itay50------ba 101 1 $aita$cger 102 $aIT 105 $a||||||||001yy 200 1 $aSognare a libro aperto$el'interpretazione dei sogni di Freud e la storia del movimento psicoanalitico$fLydia Marinelli e Andreas Mayer 210 $aTorino$cBollati Boringhieri$d2010 215 $a237 p.$d22 cm 225 2 $aNuova cultura$v235 300 $aTraduzione di Corrado Bertani 410 0$12001$aNuova cultura$v235 454 0$12001$aTräume nach Freud$953254 600 1$aFreud,$bSigmund . Die Traumdeutung$2BNCF 676 $a154.63 700 1$aMARINELLI,$bLydia$0611760 701 1$aMAYER,$bAndreas$0498598 801 0$aIT$bsalbc$gISBD 912 $a990003634200203316 951 $aII.3. 3607$b234751 L.M.$cII.3.$d00307684 959 $aBK 969 $aUMA 979 $aPASSARO$b90$c20120306$lUSA01$h0938 979 $aPASSARO$b90$c20120306$lUSA01$h0941 979 $aPASSARO$b90$c20120308$lUSA01$h1006 996 $aTräume nach Freud$953254 997 $aUNISA